000 00239nam a22000977a 4500
999 _c516817
_d516817
082 _aTNC
100 _aDinwiddy, Bruce
_923533
245 _aPromoting african enterprise
_cby Bruce Dinwiddy
260 _aLondon
_bO.D.I.
_c1974
300 _a124p.